000 00840cam a2200253 i 4500
001 bg
003 KOSZ 005
005 20220318095107.0
008 070117s1974 pl a f f |000 d pol
015 _aPB 1974/1808
040 _aWA N
_cWA N
080 _a621.82/.85
080 _a(075.8)
100 1 _aPawlicki, Kazimierz
_eAutor
245 1 0 _aElementy dźwignic.
_nCz. 1 /
_cKazimierz Pawlicki.
250 _aWyd. 6 popr. i uaktual.
260 _aŁódź :
_bPańst. Wydaw. Naukowe. Oddział,
_c1974.
300 _a305, [2] s., [2] s. tabl. :
_bil., wykr. ;
_c24 cm.
504 _aBibliogr.
655 4 _aPodręczniki akademickie
650 4 _aDźwignice
856 _uhttp://koha.tu.koszalin.pl/cgi-bin/koha/opac-detail.pl?biblionumber=10051
_yKatalog online BPK
942 _2UKD
_cKS
999 _c10051
_d10051